000 01407nmm a2200373 a 4500
003 AR-BaBNM
005 20251128204014.0
008 066119s1984 ||||||||||||||000 | spa||
020 _a3-87192-175-0
040 _cAR-BaBNM
110 2 _aConferencia Permanente de Ministros de Educación de los Länder de la República Federal de Alemania
245 1 0 _aEl sistema educativo en la Républica Federal de Alemania
_bcompetencias, estructuras, trayectorias de formación
260 _aBonn
_bMinisterio Federal de Relaciones Exteriores
_c1984
300 0 _a181 p.
_bdiagr., tablas
500 0 _aContiene anexos con la estructura del sistema educativo de la República Federal de Alemania
650 4 _aORGANIZACION DE LA EDUCACION
650 4 _aUNIVERSIDADES
650 4 _aPLANIFICACION DE LA UNIVERSIDAD
650 4 _aPROGRAMAS UNIVERSITARIOS
650 4 _aADMINISTRACION DE LA EDUCACION
650 4 _aESTADO Y EDUCACION
650 4 _aPAPEL DEL GOBIERNO
650 4 _aEDUCACION COMPARADA
650 4 _aPOLITICA EDUCATIVA
651 4 _aAlemania
653 _aSISTEMA EDUCATIVO
653 _aFINANCIAMIENTO EDUCATIVO
700 1 _aWitte, Barthold
_eprologuista
700 1 _aSchultz-Hardt, Joachim
_eprologuista
700 0 _aServicio Alemán de Intercambio Académico
_etraductor
710 1 _aAlemania
_bMinisterio Federal de Educación y Ciencia
942 _cBK
998 _cSILVI
999 _c5790
_d5790